II Concurso Nacional de Fotografía / Asociación de Maestros Industriales
Descripción Física:
[16] p. : fot. ; 22 cm
Materias:
Fotografia -- Concursos
MARC
| LEADER | 00000nam a2200000Ia 4500 | ||
|---|---|---|---|
| 001 | 19587 | ||
| 003 | BGR | ||
| 005 | 20260324180129.0 | ||
| 008 | 160829s1961 xx 000 0 cat d | ||
| 080 | |a FU-9-10 | ||
| 110 | 2 | |a Asociación de Maestros Industriales |9 70545 | |
| 245 | |a II Concurso Nacional de Fotografía / Asociación de Maestros Industriales | ||
| 260 | |a Barcelona : |b I. G. Andorré, |c 1961 | ||
| 300 | |a [16] p. : |b fot. ; |c 22 cm | ||
| 590 | |a Prové de R-708, exp. 15 | ||
| 650 | 0 | |a Fotografia |x Concursos |9 33537 | |
| 901 | |a Arxiu | ||
| 942 | |n 1 |2 udc |c MON | ||
| 952 | |0 0 |1 0 |4 0 |6 FU910 |7 1 |9 53779 |a Arxiu |b Arxiu |d 2016-12-01 |l 0 |o FU-9-10 |p 19587 |r 2016-12-01 00:00:00 |w 2016-12-01 |y ARXIU | ||
| 999 | |c 57645 |d 57645 | ||